Statistics for Airlines at New York JFK

Click here to take the quiz!

General Stats

  • This quiz has been taken 392 times
  • The average score is 36 of 71

Answer Stats

Answer% Correct
Delta
94%
American Airlines
87%
British Airways
85%
Air France
83%
Lufthansa
82%
Emirates
81%
Jetblue
77%
Aer Lingus
75%
Iberia
75%
KLM
75%
Aeroflot
73%
Aeromexico
72%
Air China
72%
Etihad
72%
Qatar
72%
Alitalia
71%
Qantas
71%
Japan Airlines
69%
TAP Portugal
69%
Air India
67%
Turkish Airlines
67%
China Eastern
66%
SWISS
66%
Korean Air
65%
LATAM
65%
LOT
65%
All Nippon Airways
64%
Alaska Airlines
61%
Singapore Airlines
61%
Virgin Atlantic
61%
Cathay Pacific
58%
Austrian
57%
Avianca
56%
El Al
56%
Icelandair
55%
China Airlines
54%
Finnair
54%
Westjet
53%
Asiana
52%
EgyptAir
52%
Norwegian
52%
EVA Air
51%
Royal Air Maroc
49%
South African Airways
49%
Brussels Airlines
48%
Royal Jordanian
47%
Hawaiian Airlines
36%
Copa Airlines
35%
Air Serbia
34%
Aerolíneas Argentinas
31%
Air Europa
31%
Volaris
31%
Kuwait Airways
30%
Caribbean Airlines
29%
Pakistan International Airlines
28%
Philippine Airlines
28%
Ukraine International Airlines
27%
XiamenAir
27%
Eurowings
25%
Wow Air
22%
Thomas Cook Airlines
20%
Uzbekistan Airlines
20%
Interjet
19%
Saudi Arabian Airlines
19%
Air Italy
18%
Azerbaijan Airlines
18%
XL Airways
17%
Cayman Airways
15%
Sun Country
15%
TAME
7%
Fly Jamaica Airways
6%

Score Distribution

Percentile by Number Answered

Percent of People with Each Score

Your Score History

You have not taken this quiz